Music Quiz

Random Music or Kpop Quiz

What MV am I explaining? (2017 ver.) Quiz Stats

 Plays Quiz not verified by Sporcle

Support Sporcle.
Go Orange.
Score 0/25 Timer 10:00
0 Plays Today
% Correct
Super Junior - Black Suit
86.2%
Gugudan - Chococo
82.8%
KNK - Rain
80.3%
Red Velvet - Peek-A-Boo
79.5%
Girl's Day - I'll be yours
76.3%
A.C.E - Cactus
71.3%
EXID - DDD
69.7%
O Sole Mio - SF9
66.9%
Seventeen - Don't Wanna Cry
62.3%
Dreamcatcher - Chase Me
58.6%
Bang Yongguk - Yamazaki
58.3%
Sunmi - Gashina
56.5%
Astro - Crazy Sexy Cool
55.6%
% Correct
Wanna One - Beautiful
53.4%
PSY - New Face
51.9%
Mamamoo - Yes I am
49.5%
BtoB - Movie
49.2%
iKON - B-Day
48.3%
IU - Palette
43%
N.Flying - The Real
37.8%
Day6 - What Can I Do
32%
Twice - Signal
29.4%
Block B - Yesterday
29.4%
Hello Venus - Mysterious
29%
Heize - Don't Know You
28.3%

You're not logged in!

Compare scores with friends on all Sporcle quizzes.
OR
Log In

From the Vault

Bruno Mars or Ed Sheeran?

by hjckr

How do you even tell them apart?
Remove Ads.
Support Sporcle.
Get the best of Sporcle when you Go Orange. This ad-free experience offers more features, more stats, and more fun while also helping to support Sporcle. Thank you for becoming a member.

Show Comments

Extras

Created Dec 1, 2017ReportNominate
Tags:Kpop Quiz, Kpop Idol, Kpop Quiz

Top Quizzes Today


Score Distribution

Your Account Isn't Verified!

In order to create a playlist on Sporcle, you need to verify the email address you used during registration. Go to your Sporcle Settings to finish the process.

Report this User

Report this user for behavior that violates our Community Guidelines.

Details: